000 01154cam a2200385 a 4500
001 3083
003 FISKH
005 20240205105407.0
008 040910s2004 nyuab b 000 1 eng d
010 _a 2004302446
020 _a0439559693
035 _a(OCoLC)ocm54953612
040 _aOCO
_cOCO
_dXY4
_dDLC
041 1 _aeng
_hita
042 _alcac
_alccopycat
050 0 0 _aPZ7
_b.R24454 2004
082 0 0 _a[Fic]
_222
100 _aStilton, Geronimo
245 0 0 _aRed pizzas for a blue count /
_cGeronimo Stilton.
250 _aThis edition 2004
260 _aNew York :
_bScholastic,
_c2000
300 _a116 pages :
_bcolor illustrations ;
_c20 cm
505 _aL
520 _aWhen their cousin becomes trapped in Transratania, Geronimo's sister Thea involves him in her rescue mission.
521 _a520
_bLexile
521 _aL
_bRaz-Plus
650 1 _aMice
_vFiction.
650 1 _aJournalists
_vFiction.
650 1 _aVampires
_vFiction.
650 1 _aBats
_vFiction.
650 1 _aCastles
_vFiction.
650 1 _aHumorous stories.
906 _a7
_bcbc
_ccopycat
_d2
_encip
_f20
_gy-gencatlg
942 _2ddc
_cBK
_n0
999 _c3083
_d3083